Luxembourg Cantons by Area - Statistics

General Stats
  • This quiz has been taken 7 times
  • The average score is 6 of 12
Answer Stats
Hint Answer % Correct
199.2 km2 Capellen
80%
342.2 km2 Clervaux
80%
238.5 km2 Luxembourg
80%
185.5 km2 Echternach
60%
242.8 km2 Esch-Sur-Alzette
60%
264.6 km2 Wiltz
60%
204.5 km2 Diekirch
40%
211.4 km2 Grevenmacher
40%
223.9 km2 Mersch
40%
78.5 km2 Vianden
40%
267.5 km2 Redange
20%
127.9 km2 Remich
20%
No matching quizzes found
Score Distribution
Percent of People with Each Score
Percentile by Number Answered
Your Score History
You have not taken this quiz